00825nam a22002177a 450000500170000001000150001702000260003203500140005803700130007208200130008524501110009826000380020927000830024730000210033050000400035170000250039170000220041694200270043899900190046595201230048420170818161516.0 aENG-119713 a9788193312810c916.00 aEN-103245 bDBAD/PUB a305.0954 aBeing a minority in India :cedtied by Arvinder A. Ansari [and] Imtiaz A. Ansari bissues and challenges / aNew DelhibAlterNotes Pressc2016 a161/55, Hasrat Mohani Lane, Ghafoor Nagar Road Jamia Nagar,bNew Delhie110020 axvii,253p.c21cm aIncludes bibliographical references a Ansari, Arvinder A. aAnsari, Imtiaz A. 2ddccENh305.0954mANS c143501d143501 001040708NFICaAVbAVd2017-08-17eDBAD/PUBg916.00l0o305.0954 ANSpEN-103245r2017-08-17 00:00:00t1v916.00yEN